| 000 | 00680nam a22001937a 4500 | ||
|---|---|---|---|
| 005 | 20100805134547.0 | ||
| 010 | _aENG-98284 | ||
| 020 |
_a9788190728140 _c175.00 |
||
| 035 | _aEN-81817 | ||
| 037 | _bDBAD/PUB | ||
| 082 | _a881.5409 | ||
| 100 |
_aMuneera, T. R. _96830 |
||
| 245 |
_aPoetics of post modernism / _cby T. R. Muneera |
||
| 260 |
_aTiruvabbmalai _bImage Computers _c2008 |
||
| 270 |
_aNo. 52, Car Street _bTiruvabbmalai _k04175-224742 |
||
| 300 |
_a78p. _c20cm (pbk) |
||
| 942 |
_2ddc _cEN _h881.5409 _mMUN |
||
| 999 |
_c39431 _d39431 |
||